[Event "Queima das Fitas op"]
[Site "Coimbra"]
[Date "2022.04.25"]
[Round "7"]
[White "Alegre, Fabio Costa"]
[Black "Soares, Luis Francisco Alme"]
[Result "1/2-1/2"]
[WhiteElo "1765"]
[BlackElo "2005"]
[PlyCount "94"]
[EventDate "2022.04.23"]
[EventType "swiss"]
[EventRounds "7"]
[EventCountry "POR"]
[SourceTitle "EXT 2023"]
[Source "ChessBase"]
[SourceDate "2022.10.05"]
[SourceVersion "1"]
[SourceVersionDate "2022.10.05"]
[SourceQuality "1"]

1. Nf3 d6 2. d4 Nf6 3. g3 g6 4. Bg2 Bg7 5. 0-0 0-0 6. c4 Nbd7 7. Nc3 e5 8. dxe5 Nxe5 9. Qb3 Nxf3+ 10. Bxf3 Nd7 11. h4 h6 12. Bg2 Re8 13. Be3 Ne5 14. Rac1 Be6 15. Nb5 c6 16. Nd4 Qc7 17. Nxe6 Rxe6 18. Bd4 Nf3+ 19. Bxf3 Bxd4 20. Qc2 Rae8 21. Kg2 Kg7 22. b4 a5 23. e3 Bf6 24. bxa5 Qxa5 25. Rb1 R6e7 26. Rb3 Ra8 27. Rfb1 Qxa2 28. Qd3 Ra7 29. Qxd6 Qc2 30. Qd3 Qxd3 31. Rxd3 Ra2 32. Bd1 Be5 33. Kf3 Bb8 34. Rdb3 Ra7 35. Be2 Bd6 36. Bf1 Bc5 37. Bh3 f5 38. h5 Kf6 39. hxg6 Kxg6 40. Bf1 Rd7 41. Bd3 Kg5 42. Rg1 h5 43. Rd1 Ra2 44. Be2 Rh7 45. Rd8 Ra7 46. Rb2 b6 47. Rc8 Rac7 1/2-1/2

[Event "Queima das Fitas op"]
[Site "Coimbra"]
[Date "2022.04.25"]
[Round "5"]
[White "Bastiao, Tomas"]
[Black "Soares, Luis Francisco Alme"]
[Result "1-0"]
[WhiteElo "1707"]
[BlackElo "2005"]
[PlyCount "75"]
[EventDate "2022.04.23"]
[EventType "swiss"]
[EventRounds "7"]
[EventCountry "POR"]
[SourceTitle "EXT 2023"]
[Source "ChessBase"]
[SourceDate "2022.10.05"]
[SourceVersion "1"]
[SourceVersionDate "2022.10.05"]
[SourceQuality "1"]

1. c4 c5 2. Nc3 Nc6 3. g3 e5 4. Bg2 g6 5. d3 Bg7 6. f4 d6 7. fxe5 Nxe5 8. Nf3 Nxf3+ 9. Bxf3 Ne7 10. 0-0 0-0 11. Bg5 h6 12. Bd2 Rb8 13. Qc2 Bh3 14. Rf2 Re8 15. e3 h5 16. Bg2 Bxg2 17. Kxg2 d5 18. e4 dxc4 19. dxc4 Nc6 20. Nd5 Nd4 21. Qd3 f5 22. exf5 Nxf5 23. Bf4 Rc8 24. Raf1 Kh7 25. h4 Rc6 26. Bg5 Qd6 27. g4 Re3 28. Bxe3 Qg3+ 29. Kh1 Qxh4+ 30. Rh2 Qxg4 31. Rf4 Ng3+ 32. Kg2 Qe2+ 33. Qxe2 Nxe2 34. Rf7 b5 35. cxb5 Rd6 36. Nc3 Nd4 37. Ne4 Rd5 38. Nf6+ 1-0

[Event "Queima das Fitas op"]
[Site "Coimbra"]
[Date "2022.04.24"]
[Round "4"]
[White "Soares, Luis Francisco Alme"]
[Black "Campora, Daniel Hugo"]
[Result "0-1"]
[WhiteElo "2005"]
[BlackElo "2415"]
[PlyCount "114"]
[EventDate "2022.04.23"]
[EventType "swiss"]
[EventRounds "7"]
[EventCountry "POR"]
[SourceTitle "EXT 2023"]
[Source "ChessBase"]
[SourceDate "2022.10.05"]
[SourceVersion "1"]
[SourceVersionDate "2022.10.05"]
[SourceQuality "1"]

1. e4 d6 2. d4 Nf6 3. Nc3 e5 4. dxe5 dxe5 5. Qxd8+ Kxd8 6. Bc4 Be6 7. Bxe6 fxe6 8. Bg5 Nbd7 9. 0-0-0 Bd6 10. Nf3 Ke7 11. Ne1 h6 12. Bh4 g5 13. Bg3 Nh5 14. Nd3 a6 15. f3 Nxg3 16. hxg3 h5 17. Rh2 Rh7 18. Rdh1 Rah8 19. g4 h4 20. Ne2 b5 21. g3 c5 22. gxh4 gxh4 23. Ng3 Nf8 24. Nh5 Ng6 25. Ne1 Kf7 26. Ng2 Be7 27. Kd1 Bg5 28. Ke2 Rd8 29. Rd1 Rxd1 30. Kxd1 Rh8 31. Ke2 Rd8 32. Ne3 c4 33. Rh1 c3 34. bxc3 Rc8 35. c4 Bxe3 36. Kxe3 Rxc4 37. f4 exf4+ 38. Nxf4 Rxc2 39. Nxg6 Kxg6 40. Rxh4 Rxa2 41. Kf4 b4 42. Rh8 Ra5 43. Ke3 Rb5 44. Kd2 Kg5 45. Re8 e5 46. Kc2 b3+ 47. Kb2 Kxg4 48. Rf8 a5 49. Rf7 a4 50. Rf1 Rb4 51. Re1 Kf3 52. Ka3 Rb7 53. Kb2 a3+ 54. Kxa3 b2 55. Rb1 Kxe4 56. Ka2 Kd3 57. Rh1 b1Q+ 0-1

[Event "POR-ch U14/20"]
[Site "Fatima"]
[Date "2022.04.12"]
[Round "4"]
[White "Soares, Luis Francisco Alme"]
[Black "Gomes, Estevao Manuel"]
[Result "0-1"]
[WhiteElo "2000"]
[BlackElo "2047"]
[PlyCount "86"]
[EventDate "2022.04.10"]
[EventType "swiss"]
[EventRounds "9"]
[EventCountry "POR"]
[SourceTitle "EXT 2023"]
[Source "ChessBase"]
[SourceDate "2022.10.05"]
[SourceVersion "1"]
[SourceVersionDate "2022.10.05"]
[SourceQuality "1"]

1. e4 c5 2. Nf3 Nc6 3. d4 cxd4 4. Nxd4 Nf6 5. Nc3 e5 6. Ndb5 d6 7. Bg5 a6 8. Na3 b5 9. Nd5 Be7 10. Bxf6 Bxf6 11. c3 0-0 12. Nc2 Rb8 13. h4 g6 14. g3 Bg7 15. h5 Ne7 16. Ncb4 Nxd5 17. Nxd5 Be6 18. Bg2 a5 19. Qd2 b4 20. c4 b3 21. a3 Rc8 22. Bf1 Rc5 23. Ne3 Qc7 24. 0-0-0 Rd8 25. Kb1 Bf6 26. f4 Qc6 27. Bd3 exf4 28. gxf4 Bd4 29. Nd5 Qe8 30. hxg6 fxg6 31. f5 Bxd5 32. exd5 Qe3 33. Qh2 Rc7 34. fxg6 Be5 35. gxh7+ Kh8 36. Qh4 Rf8 37. Rhe1 Qf3 38. Rg1 Rg7 39. Qe4 Qf2 40. Qxe5 dxe5 41. Rgf1 Qc5 42. Rxf8+ Qxf8 43. Rf1 Rf7 0-1

[Event "POR-ch U14/20"]
[Site "Fatima"]
[Date "2022.04.11"]
[Round "2"]
[White "Soares, Luis Francisco Alme"]
[Black "Bastiao, Tomas"]
[Result "0-1"]
[WhiteElo "2000"]
[BlackElo "1664"]
[PlyCount "46"]
[EventDate "2022.04.10"]
[EventType "swiss"]
[EventRounds "9"]
[EventCountry "POR"]
[SourceTitle "EXT 2023"]
[Source "ChessBase"]
[SourceDate "2022.10.05"]
[SourceVersion "1"]
[SourceVersionDate "2022.10.05"]
[SourceQuality "1"]

1. d4 f5 2. e3 Nf6 3. Bd3 g6 4. Nc3 Bg7 5. Nf3 d6 6. Qe2 0-0 7. Bd2 c6 8. 0-0 Na6 9. Bxa6 bxa6 10. Qc4+ e6 11. Qxc6 Rb8 12. b3 Bb7 13. Qc4 Qe7 14. Qe2 h6 15. Nh4 Qf7 16. g3 g5 17. Ng2 g4 18. Ne1 Nh7 19. f3 Ng5 20. Kg2 Qh5 21. e4 fxe4 22. fxe4 Qh3+ 23. Kg1 Bxd4+ 0-1

[Event "POR-ch U14/20"]
[Site "Fatima"]
[Date "2022.04.10"]
[Round "1"]
[White "Simoes, Miguel Patricio"]
[Black "Soares, Luis Francisco Alme"]
[Result "1-0"]
[WhiteElo "2001"]
[BlackElo "2000"]
[PlyCount "81"]
[EventDate "2022.04.10"]
[EventType "swiss"]
[EventRounds "9"]
[EventCountry "POR"]
[SourceTitle "EXT 2023"]
[Source "ChessBase"]
[SourceDate "2022.10.05"]
[SourceVersion "1"]
[SourceVersionDate "2022.10.05"]
[SourceQuality "1"]

1. e4 c5 2. Nf3 Nc6 3. d4 cxd4 4. Nxd4 e6 5. Nc3 Nf6 6. Ndb5 d6 7. Bf4 e5 8. Bg5 a6 9. Na3 b5 10. Nd5 Be7 11. Bxf6 Bxf6 12. c4 b4 13. Nc2 a5 14. g3 Ba6 15. b3 0-0 16. Bg2 Bg5 17. 0-0 Ne7 18. Nce3 Bxe3 19. Nxe3 Nc6 20. Nf5 g6 21. Qxd6 Qxd6 22. Nxd6 Nd4 23. f4 f6 24. Rf2 Rfd8 25. fxe5 fxe5 26. Nf7 Re8 27. Rd1 a4 28. Nxe5 Nxb3 29. Nd7 Bxc4 30. axb3 Bxb3 31. Nf6+ Kf7 32. Nxe8+ Kxe8 33. Rb1 Rb8 34. Rfb2 Ke7 35. Kf2 Kd6 36. Ke3 Kc5 37. Rc1+ Kb5 38. Bf1+ Kb6 39. Rc4 Rf8 40. Rxb4+ Kc5 41. Rb5+ 1-0

[Event "Lisbon Portugal rapid op"]
[Site "Lisbon"]
[Date "2019.02.10"]
[Round "4"]
[White "Gu, Xiaobing"]
[Black "Soares, Luis Francisco Alme"]
[Result "0-1"]
[WhiteElo "2326"]
[BlackElo "2036"]
[PlyCount "138"]
[EventDate "2019.02.10"]
[EventType "swiss (rapid)"]
[EventRounds "8"]
[EventCountry "POR"]
[SourceTitle "CBM 188 Extra"]
[Source "ChessBase"]
[SourceDate "2019.02.26"]
[SourceVersion "1"]
[SourceVersionDate "2019.02.26"]
[SourceQuality "1"]

1. e4 e6 2. d4 d5 3. e5 c5 4. c3 Nc6 5. Nf3 Nge7 6. Bd3 cxd4 7. cxd4 Ng6 8. a3 Be7 9. Nc3 0-0 10. h4 f5 11. Ng5 Nxh4 12. Qh5 Nxg2+ 13. Kf1 h6 14. Nf3 Qe8 15. Qh2 Nh4 16. Nxh4 Nxd4 17. Qg3 g5 18. Nf3 Nxf3 19. Rxh6 Kg7 20. Rh1 Rh8 21. Qxf3 Rxh1+ 22. Qxh1 Bd7 23. Ne2 Qg6 24. Bd2 Rh8 25. Qg2 Bc6 26. Nd4 Rh4 27. Be3 Qh5 28. f3 Rh2 29. Qg3 Kf7 30. Bg1 Rd2 31. Be2 Qh1 32. b4 Rxd4 33. Rc1 a6 34. Kf2 Qh4 35. Bh2 Rd2 36. Qxh4 gxh4 37. Ke1 Ra2 38. Rc3 Bd8 39. f4 d4 40. Bh5+ Kg7 41. Rh3 Be4 42. Be2 Rb2 43. Bg1 Bb6 44. Rxh4 d3 45. Bxb6 Rxe2+ 46. Kd1 Ra2 47. Rh3 Rxa3 48. Bc5 Ra2 49. Be7 Kf7 50. Bf6 Ke8 51. Ke1 Kd7 52. Rh8 Kc6 53. Rd8 Re2+ 54. Kd1 Rf2 55. Be7 Kb5 56. Rd6 Bd5 57. Rd7 Kc4 58. Bc5 Rxf4 59. Rc7 Kb5 60. Kd2 Be4 61. Kc3 Rf1 62. Be3 b6 63. Re7 Rf3 64. Kd2 Bd5 65. Rd7 Rh3 66. Rd6 Rh2+ 67. Kc3 Rc2+ 68. Kxd3 Be4+ 69. Kd4 Rc4# 0-1

[Event "Lisbon Portugal rapid op"]
[Site "Lisbon"]
[Date "2019.02.10"]
[Round "8"]
[White "Terryn, Ezra"]
[Black "Soares, Luis Francisco Alme"]
[Result "1-0"]
[WhiteElo "2116"]
[BlackElo "2036"]
[PlyCount "71"]
[EventDate "2019.02.10"]
[EventType "swiss (rapid)"]
[EventRounds "8"]
[EventCountry "POR"]
[SourceTitle "CBM 188 Extra"]
[Source "ChessBase"]
[SourceDate "2019.02.26"]
[SourceVersion "1"]
[SourceVersionDate "2019.02.26"]
[SourceQuality "1"]

1. e4 e6 2. d4 d5 3. Nc3 Nf6 4. Bg5 Be7 5. e5 Nfd7 6. h4 c5 7. Bxe7 Qxe7 8. Nb5 0-0 9. Nc7 cxd4 10. Nxa8 Nxe5 11. Qxd4 Nbc6 12. Qd2 b6 13. Be2 Bb7 14. Nxb6 axb6 15. Nf3 Nd7 16. h5 Nc5 17. Nd4 Nxd4 18. Qxd4 e5 19. Qh4 f6 20. Rd1 Ne6 21. g3 d4 22. 0-0 Qc5 23. c3 Qc6 24. f3 Kh8 25. Bd3 Ng5 26. Be4 Qc7 27. cxd4 Bxe4 28. fxe4 exd4 29. Qxg5 Re8 30. Qf4 Qc5 31. h6 d3+ 32. Qf2 Qg5 33. hxg7+ Kxg7 34. Rxd3 Rxe4 35. Rd7+ Kh6 36. Qh2+ 1-0

[Event "Lisbon Portugal op"]
[Site "Lisbon"]
[Date "2019.02.09"]
[Round "9"]
[White "Fidalgo, Andre Neves"]
[Black "Soares, Luis Francisco Alme"]
[Result "1-0"]
[WhiteElo "2204"]
[BlackElo "2036"]
[PlyCount "93"]
[EventDate "2019.02.02"]
[EventType "swiss"]
[EventRounds "9"]
[EventCountry "POR"]
[SourceTitle "CBM 188 Extra"]
[Source "ChessBase"]
[SourceDate "2019.02.26"]
[SourceVersion "1"]
[SourceVersionDate "2019.02.26"]
[SourceQuality "1"]

1. d4 Nf6 2. c4 e6 3. Nf3 d5 4. g3 Bb4+ 5. Bd2 Be7 6. Bg2 c6 7. Qc2 b6 8. 0-0 0-0 9. Rd1 Ba6 10. b3 Nbd7 11. a4 c5 12. a5 b5 13. b4 bxc4 14. dxc5 Nxc5 15. bxc5 Bxc5 16. Bc3 Ne4 17. Bd4 f5 18. Nc3 Bxd4 19. Nxd4 Qf6 20. f4 Rfd8 21. Nxe4 fxe4 22. Rab1 Rac8 23. Bh3 Rd6 24. Qc3 Re8 25. e3 Qd8 26. Rb2 h6 27. Rdb1 Qc7 28. Nb5 Bxb5 29. Rxb5 Qc6 30. Rb7 Rd7 31. Rxd7 Qxd7 32. Qe5 Qc6 33. Bg4 c3 34. Rc1 c2 35. Qd4 Rb8 36. Kf2 Rb1 37. Qd2 Rb2 38. Ke1 Kf7 39. Qd4 Rb1 40. Kd2 Rxc1 41. Kxc1 Qa6 42. Qc3 d4 43. Qxd4 Qxa5 44. Qd7+ Kf8 45. Qd6+ Kg8 46. Qxe6+ Kf8 47. Qf5+ 1-0

[Event "Azores op 4th"]
[Site "Ponta Delgada"]
[Date "2017.12.10"]
[Round "7"]
[White "Soares, Luis Francisco Alme"]
[Black "Veiga, Jose Francisco RP"]
[Result "0-1"]
[WhiteElo "2031"]
[BlackElo "2240"]
[PlyCount "104"]
[EventDate "2017.12.07"]
[EventType "swiss"]
[EventRounds "7"]
[EventCountry "POR"]
[SourceTitle "CBM 182 Extra"]
[Source "ChessBase"]
[SourceDate "2018.02.23"]
[SourceVersion "1"]
[SourceVersionDate "2018.02.23"]
[SourceQuality "1"]

1. d4 Nf6 2. c4 c5 3. d5 e6 4. Nc3 exd5 5. cxd5 d6 6. e4 g6 7. Nge2 Bg7 8. Ng3 0-0 9. Be2 a6 10. a4 Nbd7 11. h4 h5 12. Bg5 Qb6 13. Qd2 Nh7 14. Be3 Ne5 15. a5 Qd8 16. Bh6 f5 17. Bxg7 Kxg7 18. exf5 Bxf5 19. Nxf5+ Rxf5 20. f4 Ng4 21. Bxg4 hxg4 22. g3 Qe7+ 23. Qe2 Qf7 24. 0-0 Nf6 25. Rad1 Re8 26. Qd3 Qc7 27. Ra1 Re7 28. Kf2 b5 29. axb6 Qxb6 30. Rxa6 Qxb2+ 31. Kg1 c4 32. Nd1 Qb5 33. Qa3 Rxd5 34. Rxd6 Rxd6 35. Qxd6 Rd7 36. Qe5 Qb6+ 37. Nf2 Rd3 38. f5 gxf5 39. Kg2 Qc6+ 40. Kh2 Rf3 41. Qe7+ Kg6 42. h5+ Nxh5 43. Qf8 Nf6 44. Nxg4 Nxg4+ 45. Kh3 Rxf1 46. Qg8+ Kf6 47. Qf8+ Ke5 48. Qe7+ Qe6 49. Qg7+ Ke4 50. Kg2 Rf2+ 51. Kg1 Kf3 52. Qc3+ Qe3 0-1

[Event "POR-chT Districts"]
[Site "Pombal"]
[Date "2015.07.04"]
[Round "1.4"]
[White "Castro, Francisco Manuel Fe"]
[Black "Soares, Luis Francisco Alme"]
[Result "1-0"]
[WhiteElo "2104"]
[BlackElo "1993"]
[PlyCount "55"]
[EventDate "2015.07.04"]
[EventType "team-swiss"]
[EventRounds "4"]
[EventCountry "POR"]
[SourceTitle "EXT 2018"]
[Source "ChessBase"]
[SourceDate "2017.10.13"]
[SourceVersion "1"]
[SourceVersionDate "2017.10.13"]
[SourceQuality "1"]
[WhiteTeam "Aveiro"]
[BlackTeam "Acores"]
[WhiteTeamCountry "POR"]
[BlackTeamCountry "POR"]

1. e4 c5 2. Nf3 Nc6 3. d4 cxd4 4. Nxd4 e5 5. Nxc6 bxc6 6. Bd3 Nf6 7. 0-0 Be7 8. c4 d6 9. Nc3 a5 10. b3 h6 11. Ba3 0-0 12. Bc2 Be6 13. Qd3 Nh5 14. g3 g5 15. Rad1 c5 16. Qe2 Ng7 17. Bxc5 Qc7 18. Bxd6 Bxd6 19. Nb5 Qc5 20. Nxd6 Ra6 21. Nf5 Kh7 22. Qe3 Qa3 23. h4 f6 24. hxg5 hxg5 25. Kg2 Bxf5 26. exf5 Qxa2 27. Be4 Rf7 28. Rd8 1-0

[Event "POR-chT Districts"]
[Site "Pombal"]
[Date "2015.07.04"]
[Round "2.3"]
[White "Soares, Luis Francisco Alme"]
[Black "Sousa, Andre Ventura"]
[Result "0-1"]
[WhiteElo "1993"]
[BlackElo "2261"]
[PlyCount "108"]
[EventDate "2015.07.04"]
[EventType "team-swiss"]
[EventRounds "4"]
[EventCountry "POR"]
[SourceTitle "EXT 2018"]
[Source "ChessBase"]
[SourceDate "2017.10.13"]
[SourceVersion "1"]
[SourceVersionDate "2017.10.13"]
[SourceQuality "1"]
[WhiteTeam "Acores"]
[BlackTeam "Porto"]
[WhiteTeamCountry "POR"]
[BlackTeamCountry "POR"]

1. d4 g6 2. c4 Nf6 3. Nc3 Bg7 4. e4 d6 5. f3 0-0 6. Be3 Na6 7. Qd2 c5 8. Nge2 Qa5 9. d5 Nc7 10. Nc1 Bd7 11. Bh6 Bxh6 12. Qxh6 b5 13. Qd2 a6 14. Be2 bxc4 15. Bxc4 Bb5 16. Be2 Qb6 17. 0-0 e6 18. a4 Bxe2 19. N1xe2 exd5 20. Nxd5 Nfxd5 21. exd5 Qb3 22. Nc3 Rab8 23. Rf2 f5 24. Re1 Rf7 25. Rfe2 Qb4 26. Rd1 Qh4 27. g3 Qf6 28. Qe3 Rb4 29. Red2 f4 30. gxf4 Rxf4 31. Ne4 Qe5 32. Rf1 Nxd5 33. Qb3 Rxe4 34. Rxd5 Rb4 35. Qd3 Qxb2 36. Rxd6 Rxa4 37. Rf2 Qc1+ 38. Rf1 Qg5+ 39. Kh1 Ra2 40. Rg1 Qf5 41. Rd8+ Kg7 42. Rc1 Qxf3+ 43. Qxf3 Rxf3 44. Rd7+ Kh6 45. Rc7 Rff2 46. R7xc5 Rxh2+ 47. Kg1 Rag2+ 48. Kf1 Rg5 49. Rxg5 Kxg5 50. Rc5+ Kh4 51. Ra5 g5 52. Rxa6 h5 53. Ra3 g4 54. Kg1 Rb2 0-1

[Event "POR CupT 1/8f-1/4f"]
[Site "Madeira, Torres Novas"]
[Date "2015.06.22"]
[Round "3.5"]
[White "Soares, Luis Francisco Alme"]
[Black "Justiniano Marquez, Marco Antonio"]
[Result "1/2-1/2"]
[WhiteElo "1997"]
[BlackElo "2097"]
[PlyCount "20"]
[EventDate "2015.05.23"]
[EventType "team-k.o."]
[EventRounds "6"]
[EventCountry "POR"]
[SourceTitle "EXT 2018"]
[Source "ChessBase"]
[SourceDate "2017.10.13"]
[SourceVersion "1"]
[SourceVersionDate "2017.10.13"]
[SourceQuality "1"]
[WhiteTeam "Acores Univ"]
[BlackTeam "Faro"]
[WhiteTeamCountry "POR"]
[BlackTeamCountry "POR"]

1. d4 e6 2. c4 b6 3. Nc3 Bb7 4. e4 Bb4 5. f3 f5 6. exf5 Nh6 7. fxe6 dxe6 8. Bxh6 Qh4+ 9. g3 Qxh6 10. Qd2 Qxd2+ 1/2-1/2

[Event "Famalicao op 1st"]
[Site "Famalicao"]
[Date "2013.08.29"]
[Round "7.7"]
[White "Fernandes, Claudio Micael Sous"]
[Black "Soares, Luis Francisco Alme"]
[Result "0-1"]
[WhiteElo "1626"]
[BlackElo "1986"]
[PlyCount "168"]
[EventDate "2013.08.26"]
[EventType "swiss"]
[EventRounds "9"]
[EventCountry "POR"]
[SourceTitle "EXT 2015"]
[Source "ChessBase"]
[SourceDate "2014.11.20"]
[SourceVersion "1"]
[SourceVersionDate "2014.11.20"]
[SourceQuality "1"]

1. e4 c5 2. Nf3 Nc6 3. d4 cxd4 4. Nxd4 e5 5. Nb5 d6 6. c4 Be7 7. Bd3 a6 8. N5c3 Bg5 9. Bxg5 Qxg5 10. 0-0 Nge7 11. Na3 Nd4 12. Re1 Ng6 13. Re3 h5 14. Nd5 0-0 15. Nc2 Ne6 16. g3 Nef4 17. Kh1 Nh3 18. Qd2 Bg4 19. Ne1 h4 20. f3 Bd7 21. Re2 Ngf4 22. Nxf4 exf4 23. g4 Qe5 24. Kg2 Ng5 25. h3 Ne6 26. Bb1 b5 27. cxb5 Bxb5 28. Bd3 Nd4 29. Bxb5 axb5 30. Nd3 Qf6 31. Ree1 Rfc8 32. Rec1 g5 33. Nb4 Qe5 34. Nd5 Rc5 35. b4 Rxc1 36. Rxc1 Kg7 37. Rc7 Ra3 38. Re7 Ne6 39. Nc7 Kf6 40. Nd5+ Kg6 41. Qc2 Kg7 42. Nc7 Qa1 43. Nxe6+ Kh6 44. Rxf7 Rxa2 45. Rf6+ Kh7 46. Rf7+ Kg6 47. Rg7+ Kh6 48. Rc7 Rxc2+ 49. Rxc2 Qe1 50. Nd4 Kg6 51. Nf5 Qxb4 52. Rc6 Qb2+ 53. Kg1 Qe2 54. Rxd6+ Kf7 55. Rd7+ Ke8 56. Rb7 b4 57. Nd6+ Kd8 58. e5 b3 59. Nf7+ Ke8 60. Nd6+ Kf8 61. Rb8+ Kg7 62. Nf5+ Kf7 63. Rb7+ Ke8 64. Nd6+ Kf8 65. Rb8+ Ke7 66. Nf5+ Kd7 67. Rb7+ Kd8 68. Nd6 Qe1+ 69. Kg2 Qg3+ 70. Kf1 Qxf3+ 71. Ke1 Qc3+ 72. Kd1 Qc2+ 73. Ke1 b2 74. Nf7+ Ke8 75. Nd6+ Kf8 76. Rb8+ Ke7 77. Nf5+ Kd7 78. e6+ Kc7 79. e7 b1Q+ 80. Rxb1 Qxb1+ 81. Ke2 Qe4+ 82. Kf2 Kd7 83. Kg1 f3 84. Kh1 Qe1+ 0-1

[Event "Famalicao op 1st"]
[Site "Famalicao"]
[Date "2013.08.26"]
[Round "2.8"]
[White "Soares, Luis Francisco Alme"]
[Black "Macedo, Adriano Esteves"]
[Result "1-0"]
[WhiteElo "1986"]
[BlackElo "1700"]
[PlyCount "83"]
[EventDate "2013.08.26"]
[EventType "swiss"]
[EventRounds "9"]
[EventCountry "POR"]
[SourceTitle "EXT 2015"]
[Source "ChessBase"]
[SourceDate "2014.11.20"]
[SourceVersion "1"]
[SourceVersionDate "2014.11.20"]
[SourceQuality "1"]

1. d4 Nf6 2. c4 e6 3. Nf3 c5 4. d5 exd5 5. cxd5 d6 6. Nc3 g6 7. e4 Bg7 8. Bb5+ Bd7 9. Bxd7+ Nbxd7 10. 0-0 0-0 11. Bf4 Qb6 12. Qc2 Nh5 13. Be3 a6 14. a4 Rfe8 15. a5 Qc7 16. Nd2 Ne5 17. h3 Qe7 18. f4 Bh6 19. Rae1 Nd7 20. Qd1 Qh4 21. Qg4 Qd8 22. Qf3 Bg7 23. Nc4 Qc7 24. Bd2 Bd4+ 25. Kh1 b5 26. axb6 Nxb6 27. Na5 Qd8 28. Nd1 Qh4 29. Kh2 Qf6 30. Bc3 Ng7 31. Qd3 Bxc3 32. Nxc3 Qd4 33. Qc2 f5 34. Nc6 Qf6 35. e5 Qf7 36. Qb3 Qc7 37. exd6 Qxd6 38. Rxe8+ Rxe8 39. Qxb6 Nh5 40. Na4 Qf6 41. Qxc5 g5 42. d6 1-0

[Event "POR-CupT 1/8-1/4 final 35th"]
[Site "Torres Vedras"]
[Date "2013.04.21"]
[Round "2.1"]
[White "Diogo, Vasco Andre Marcalo"]
[Black "Soares, Luis Francisco Alme"]
[Result "1-0"]
[WhiteElo "2274"]
[BlackElo "1990"]
[PlyCount "73"]
[EventDate "2013.04.20"]
[EventType "team-k.o."]
[EventRounds "2"]
[EventCountry "POR"]
[SourceTitle "EXT 2015"]
[Source "ChessBase"]
[SourceDate "2014.11.20"]
[SourceVersion "1"]
[SourceVersionDate "2014.11.20"]
[SourceQuality "1"]
[WhiteTeam "TAP"]
[BlackTeam "Acores"]
[WhiteTeamCountry "POR"]
[BlackTeamCountry "POR"]

1. Nf3 Nf6 2. g3 g6 3. Bg2 Bg7 4. d3 d6 5. 0-0 0-0 6. e4 c5 7. c3 Nc6 8. Re1 Qc7 9. a4 Rb8 10. Na3 a6 11. d4 cxd4 12. cxd4 Bg4 13. h3 Bxf3 14. Bxf3 e5 15. d5 Nd4 16. Bg2 Rbc8 17. Bf1 Nd7 18. Bd2 Nc5 19. Rc1 Qe7 20. b4 Nd7 21. Be3 Rxc1 22. Bxc1 f5 23. exf5 Nxf5 24. Nc4 Qf6 25. Bg2 b5 26. axb5 axb5 27. Nd2 Nd4 28. Ne4 Qe7 29. Be3 Nb6 30. h4 Qd7 31. Ng5 Re8 32. Bh3 Qd8 33. Bxd4 exd4 34. Be6+ Rxe6 35. dxe6 Bf6 36. Qf3 Qe7 37. Qxf6 1-0

[Event "POR-ch qual"]
[Site "Amadora"]
[Date "2011.09.07"]
[Round "5"]
[White "Soares, Luis Francisco Alme"]
[Black "Aguiar, Henrique Rui Neves"]
[Result "1/2-1/2"]
[WhiteElo "2047"]
[BlackElo "1938"]
[PlyCount "83"]
[EventDate "2011.09.03"]
[EventType "swiss"]
[EventRounds "9"]
[EventCountry "POR"]
[SourceTitle "CBM 144 Extra"]
[Source "ChessBase"]
[SourceDate "2011.10.28"]
[SourceVersion "1"]
[SourceVersionDate "2011.10.28"]
[SourceQuality "1"]

1. d4 Nf6 2. c4 g6 3. Nc3 Bg7 4. e4 d6 5. Nf3 0-0 6. Be2 Na6 7. 0-0 e5 8. d5 Nc5 9. Qc2 a5 10. Ne1 Qe7 11. Rb1 Nfxe4 12. Nxe4 Nxe4 13. Be3 f5 14. f3 Nf6 15. Qd2 f4 16. Bf2 g5 17. Kh1 Bh6 18. h3 Bf5 19. Bd3 e4 20. fxe4 Nxe4 21. Qc2 Rae8 22. Nf3 Bg7 23. Rfe1 Nxf2+ 24. Qxf2 Qf6 25. Bxf5 Qxf5 26. Nd4 Bxd4 27. Qxd4 f3 28. Qf2 g4 29. gxf3 gxf3 30. Kh2 Re2 31. Rxe2 fxe2 32. Rg1+ Kh8 33. Qxe2 Qf2+ 34. Qxf2 Rxf2+ 35. Rg2 Rxg2+ 36. Kxg2 Kg7 37. Kg3 Kg6 38. Kg4 h6 39. b3 h5+ 40. Kf4 Kf6 41. h4 Kg6 42. Ke4 1/2-1/2

[Event "POR-ch"]
[Site "Amadora"]
[Date "2010.09.08"]
[Round "5"]
[White "Guerreiro, Nuno M"]
[Black "Soares, Luis Francisco Alme"]
[Result "1-0"]
[WhiteElo "2076"]
[BlackElo "2007"]
[PlyCount "157"]
[EventDate "2010.08.28"]
[EventType "swiss"]
[EventRounds "9"]
[EventCountry "POR"]
[SourceTitle "CBM 138 Extra"]
[Source "ChessBase"]
[SourceDate "2010.10.29"]
[SourceVersion "1"]
[SourceVersionDate "2010.10.29"]
[SourceQuality "1"]

1. e4 c5 2. Nf3 Nc6 3. d3 g6 4. g3 Bg7 5. Bg2 e6 6. 0-0 Nge7 7. c3 0-0 8. Qe2 d6 9. Rd1 e5 10. a3 a5 11. a4 Be6 12. Ng5 Bb3 13. Rf1 h6 14. Ra3 Bxa4 15. Rxa4 hxg5 16. Bxg5 b5 17. Ra1 Qd7 18. Bf3 f6 19. Bg4 f5 20. Bf3 Bf6 21. Bc1 b4 22. Qd1 Kg7 23. Nd2 Bg5 24. exf5 Bxd2 25. Qxd2 Qxf5 26. Qh6+ Kf6 27. Be4 Qh5 28. f4 Qxh6 29. fxe5+ Kxe5 30. Bxh6 Rxf1+ 31. Rxf1 a4 32. cxb4 cxb4 33. Bg7+ Ke6 34. Rf6+ Kd7 35. Rf7 Ke6 36. Rxe7+ Kxe7 37. Bxc6 Ra6 38. Be4 Kf7 39. Bh8 a3 40. bxa3 bxa3 41. Bd5+ Ke7 42. Ba2 Rc6 43. Bc4 d5 44. Bb3 a2 45. Bxd5 Rc1+ 46. Kg2 a1R 47. Bxa1 Rxa1 48. Kh3 Kf6 49. Kg4 Ra5 50. Be4 Rg5+ 51. Kf4 Rh5 52. h4 Ra5 53. g4 g5+ 54. hxg5+ Rxg5 55. Bf5 Rg8 56. d4 Rg7 57. d5 Rg8 58. d6 Ra8 59. Ke4 Ra4+ 60. Kd5 Ra1 61. Kc6 Rc1+ 62. Kd7 Ra1 63. Kd8 Kf7 64. Bc8 Rc1 65. Bf5 Rc5 66. Bd7 Rc1 67. Ba4 Rc3 68. Bb5 Rc5 69. Bd7 Rc1 70. Be8+ Ke6 71. d7 Rd1 72. g5 Rd2 73. g6 Rd1 74. Bf7+ Kf6 75. Ke8 Re1+ 76. Kf8 Rd1 77. g7 Rxd7 78. g8Q Rd8+ 79. Be8 1-0